LEADER 01517nam--2200445---450- 001 990001214350203316 005 20060322161406.0 035 $a000121435 035 $aUSA01000121435 035 $a(ALEPH)000121435USA01 035 $a000121435 100 $a20031023d1947----km-y0itay0103----ba 101 0 $agrc 105 $a||||||||001yy 200 1 $aAeschyli septem quae supersunt tragoediae$fEschilo$grecensuit Gilbertus Murray 210 $aOxonii$cE Typographeo Clarendoniano$d1947 215 $aXV, 176 c.$d19 cm. 225 2 $aScriptorum classicorum Bibliotheca oxoniensis 300 $aIl testo è chiosato a mano in varie parti da C. Del Grande 300 $aRist. dell'Ed. del 1938 300 $aContiene testo originale 410 0$12001$ascriptorum classicorum Bibliotheca oxoniensis 454 1$12001 461 1$1001-------$12001 700 1$aAESCHYLUS$0153340 702 1$aMURRAY,$bGilbertus 801 0$aIT$bsalbc$gISBD 912 $a990001214350203316 951 $aV.1. Coll.32/ 1(VIII A coll.34/1)$b48272 L.M.$cVIII A 959 $aBK 969 $aUMA 979 $aSIAV3$b10$c20031023$lUSA01$h0908 979 $aSIAV3$b10$c20031023$lUSA01$h0914 979 $aSIAV3$b10$c20031023$lUSA01$h0931 979 $aSIAV3$b10$c20031023$lUSA01$h1132 979 $aPATRY$b90$c20040406$lUSA01$h1727 979 $aCOPAT6$b90$c20051116$lUSA01$h1516 979 $aCOPAT6$b90$c20060322$lUSA01$h1614 996 $aAeschyli septem quae supersunt tragoediae$9754782 997 $aUNISA LEADER 01538oam 2200409 a 450 001 9910699922103321 005 20110411140227.0 035 $a(CKB)5470000002406738 035 $a(OCoLC)699781657 035 $a(EXLCZ)995470000002406738 100 $a20110201d2010 ua 0 101 0 $aeng 135 $aurbn||||a|||| 181 $ctxt$2rdacontent 182 $cc$2rdamedia 183 $acr$2rdacarrier 200 10$aWeathering the storm$b[electronic resource] $ecreating jobs in the recession : hearing before the Subcommittee on Economic Policy of the Committee on Banking, Housing, and Urban Affairs, United States Senate, One Hundred Eleventh Congress, first session ... December 9, 2009 210 1$aWashington :$cU.S. G.P.O.,$d2010. 215 $a1 online resource (iii, 65 pages) $cillustrations 225 1 $aS. hrg. ;$v111-535 300 $aPaper version available for sale by the Supt. of Docs., U.S. G.P.O. 320 $aIncludes bibliographical references. 517 $aWeathering the storm 606 $aJob creation$xGovernment policy$zUnited States 606 $aUnemployment$xGovernment policy$zUnited States 606 $aRecessions$zUnited States 607 $aUnited States$xEconomic conditions$y2009- 615 0$aJob creation$xGovernment policy 615 0$aUnemployment$xGovernment policy 615 0$aRecessions 801 0$bGPO 801 1$bGPO 801 2$bGPO 906 $aBOOK 912 $a9910699922103321 996 $aWeathering the storm$93451445 997 $aUNINA